Countries in Europe by Waste per Capita - Statistics

General Stats
  • This quiz has been taken 25 times
  • The average score is 9 of 12
Answer Stats
Answer % Correct
Belgium
80%
Romania
80%
Netherlands
76%
Serbia
76%
Estonia
72%
Luxembourg
72%
Sweden
72%
Finland
68%
Liechtenstein
68%
Austria
64%
Bulgaria
64%
Malta
64%
No matching quizzes found
Score Distribution
Percent of People with Each Score
Percentile by Number Answered
Your Score History
You have not taken this quiz